00000000nam 2200000zi 4500
0019.931984
003CaOODSP
00520241120113613
006m     o  d f      
007cr |n|||||||||
008231229e197311##qucdab  o    f|0| 0 fre d
040 |aCaOODSP|bfre|erda|cCaOODSP
043 |an-cn-qu
0861 |aCW66-1479/1973F-PDF
1001 |aLemieux, Serge, |eauteur.
24510|aÉtude des successions phytosociologiques dans les secteurs aménagés de la Réserve nationale de la faune de Cap Tourmente / |cSerge Lemieux.
264 1|a[Sainte-Foy, Québec] : |bService canadien de la faune, |cnovembre 1973.
300 |a1 ressource en ligne (148 pages) : |bcartes, graphiques, illustrations
336 |atexte|btxt|2rdacontent/fre
337 |ainformatique|bc|2rdamedia/fre
338 |aressource en ligne|bcr|2rdacarrier/fre
500 |aÉdition numérisée de l’imprimé [par Environnement et changement climatique Canada].
650 6|aPhytosociologie|zQuébec (Province)|zRéserve nationale de faune du Cap-Tourmente.
650 0|aPlant communities|zQuébec (Province)|zRéserve nationale de faune du Cap-Tourmente.
651 6|aRéserve nationale de faune du Cap-Tourmente (Québec)
651 0|aCap Tourmente National Wildlife Area (Quebec)
7102 |aService canadien de la faune, |eorganisme de publication.
85640|qPDF|s20.00 Mo|uhttps://publications.gc.ca/collections/collection_2024/eccc/cw66/CW66-1479-1973-fra.pdf